Minnesota Vikings Trivia - Statistics

General Stats
  • This quiz has been taken 168 times
  • The average score is 6 of 7
Answer Stats
Hint Answer % Correct
Currently playing RB, 1st round pick Dalvin Cook
94%
Currently playing, QB, got from trade Kirk cousins
94%
Retired Wr, first round pick Randy Moss
94%
Currently playing, Wr undrafted FA Adam Thielen
91%
Currently Playing, SS, 1st round pick Harrison Smith
91%
Traded to diff team, Wr, 5th round pick Stefon Diggs
81%
Retired, QB, got from trade Brett Favre
73%
No matching quizzes found
Score Distribution
Percent of People with Each Score
Percentile by Number Answered
Your Score History
You have not taken this quiz